[Event "MDA-ch"]
[Site "Kishinev"]
[Date "1980.??.??"]
[Round "?"]
[White "Lutikov, Anatoly S"]
[Black "Gavrikov, Viktor"]
[Result "1-0"]
[WhiteElo "2425"]
[BlackElo "2365"]
[PlyCount "75"]
[EventDate "1980.??.??"]
[EventType "tourn"]
[EventRounds "13"]
[EventCountry "URS"]
[SourceTitle "EXT 2002"]
[Source "ChessBase"]
[SourceDate "2001.11.25"]
[SourceVersion "1"]
[SourceVersionDate "2001.11.25"]
[SourceQuality "1"]

1. d4 Nf6 2. c4 c5 3. d5 e6 4. Nc3 exd5 5. cxd5 d6 6. Bf4 g6 7. Qd2 a6 8. a4
Qe7 9. f3 h6 10. e4 Bg7 11. Nge2 Nh5 12. Be3 Nd7 13. Ng3 Qh4 14. Bf2 Nxg3 15.
Bxg3 Qe7 16. Be2 g5 17. f4 gxf4 18. Bxf4 Ne5 19. O-O Ng6 20. Bh5 Nxf4 21. Rxf4
O-O 22. Raf1 f5 23. exf5 Qg5 24. Qe2 Rxf5 25. Bf7+ Kxf7 26. Rxf5+ Qxf5 27. Qh5+
Kf6 28. Ne4+ Ke5 29. Rxf5+ Bxf5 30. g4 Kxe4 31. Qxf5+ Kd4 32. Qf4+ Kd3 33. Qxd6
Bxb2 34. Qg6+ Kc4 35. d6 Bd4+ 36. Kg2 Kd5 37. d7 Rd8 38. Qe8 1-0

[Event "Minsk Sokolsky Memorial-11"]
[Site "Minsk"]
[Date "1981.04.??"]
[Round "5"]
[White "Lutikov, Anatoly S"]
[Black "Litvinov, Vladimir"]
[Result "1-0"]
[WhiteElo "2430"]
[BlackElo "2365"]
[PlyCount "81"]
[EventDate "1981.04.04"]
[EventType "tourn"]
[EventRounds "15"]
[EventCountry "URS"]
[EventCategory "5"]
[SourceTitle "MCD"]
[Source "ChessBase"]
[SourceDate "1999.07.01"]
[SourceVersion "1"]
[SourceVersionDate "1999.07.01"]
[SourceQuality "1"]

1. e4 c5 2. Nf3 d6 3. d4 cxd4 4. Qxd4 Nc6 5. Bb5 Qa5+ 6. Nc3 Qxb5 7. Nxb5 Nxd4
8. Nfxd4 Kd8 9. c4 Nf6 10. f3 Bd7 11. a4 a6 12. Nc3 e6 13. Bd2 Rc8 14. b3 Be7
15. Ke2 Bc6 16. Rhd1 Kc7 17. Bf4 Nh5 18. Be3 g5 19. Nxc6 bxc6 20. b4 Nf4+ 21.
Kf2 c5 22. b5 Ng6 23. bxa6 Kb6 24. Nb5 Ne5 25. Nxd6 Rcd8 26. Rab1+ Kc6 27. Nb7
Rxd1 28. Na5+ Kc7 29. Rxd1 Ra8 30. Rb1 Nd3+ 31. Ke2 Nb4 32. Nb3 Nxa6 33. Bd2
Nb8 34. Na5 Ra7 35. Rxb8 Kxb8 36. Nc6+ Ka8 37. Nxa7 Kxa7 38. e5 Kb6 39. Kd3 Ka6
40. Ke4 Bd8 41. Be3 1-0

[Event "Minsk Sokolsky Memorial-11"]
[Site "Minsk"]
[Date "1981.04.??"]
[Round "15"]
[White "Gavrikov, Viktor"]
[Black "Lutikov, Anatoly S"]
[Result "0-1"]
[WhiteElo "2365"]
[BlackElo "2430"]
[PlyCount "66"]
[EventDate "1981.04.04"]
[EventType "tourn"]
[EventRounds "15"]
[EventCountry "URS"]
[EventCategory "5"]
[SourceTitle "MCD"]
[Source "ChessBase"]
[SourceDate "1999.07.01"]
[SourceVersion "1"]
[SourceVersionDate "1999.07.01"]
[SourceQuality "1"]

1. d4 c5 2. d5 d6 3. c4 Nf6 4. Nc3 e6 5. e4 exd5 6. cxd5 g6 7. Nf3 a6 8. a4 Bg4
9. Qb3 Bxf3 10. Qxb7 Nbd7 11. gxf3 Bg7 12. Qc6 O-O 13. Qxd6 Nh5 14. f4 Re8 15.
Bg2 Ra7 16. a5 Qh4 17. Na4 Rc8 18. Nb6 Bf8 19. Nxc8 Bxd6 20. Nxa7 Nxf4 21. Bxf4
Qxf4 22. Nc6 Nf6 23. Rd1 Nxe4 24. Rf1 Nf6 25. h3 Qh2 26. Bf3 Qxh3 27. Be2 Qb3
28. Bxa6 Qxb2 29. Rd2 Qb1+ 30. Ke2 Qe4+ 31. Kd1 Nxd5 32. Rc2 Qa4 33. Bb7 Qb5
0-1

[Event "Moscow-ch60"]
[Site "Moscow"]
[Date "1982.02.??"]
[Round "?"]
[White "Kremenietsky, Anatoly M"]
[Black "Lutikov, Anatoly S"]
[Result "0-1"]
[WhiteElo "2385"]
[BlackElo "2390"]
[PlyCount "78"]
[EventDate "1982.02.??"]
[EventType "tourn"]
[EventRounds "17"]
[EventCountry "URS"]
[EventCategory "8"]
[SourceTitle "MCD"]
[Source "ChessBase"]
[SourceDate "1999.07.01"]
[SourceVersion "1"]
[SourceVersionDate "1999.07.01"]
[SourceQuality "1"]

1. e4 c5 2. Nc3 e6 3. Nf3 Nc6 4. Bb5 d6 5. O-O Bd7 6. a4 Nf6 7. Re1 Be7 8. d3
O-O 9. h3 a6 10. Bc4 Na5 11. e5 Ne8 12. exd6 Nxd6 13. Ba2 b5 14. Ne5 Nc6 15.
Nxd7 Qxd7 16. Be3 Nd4 17. Bxd4 cxd4 18. Ne2 Nb7 19. Nf4 Nc5 20. Qg4 bxa4 21.
Re5 Qc7 22. Re2 Rab8 23. Bc4 Bf6 24. Nh5 Qd8 25. b3 Rb4 26. Ree1 axb3 27. cxb3
g6 28. Nxf6+ Qxf6 29. Ra5 Rc8 30. Qg3 Qd8 31. Ra3 Rc6 32. h4 Qd6 33. Qf3 Rcb6
34. Ra2 Nxb3 35. Qa8+ Kg7 36. Bxa6 Nc5 37. Bc4 Rb7 38. Rae2 Ra4 39. Qc8 Rb8 0-1

[Event "Moscow-ch60"]
[Site "Moscow"]
[Date "1982.02.??"]
[Round "?"]
[White "Lutikov, Anatoly S"]
[Black "Andrianov, Nikolai Ivanovich"]
[Result "1-0"]
[WhiteElo "2390"]
[BlackElo "2435"]
[PlyCount "93"]
[EventDate "1982.02.??"]
[EventType "tourn"]
[EventRounds "17"]
[EventCountry "URS"]
[EventCategory "8"]
[SourceTitle "MCD"]
[Source "ChessBase"]
[SourceDate "1999.07.01"]
[SourceVersion "1"]
[SourceVersionDate "1999.07.01"]
[SourceQuality "1"]

1. e4 c5 2. Nf3 Nc6 3. Bb5 e6 4. O-O Nge7 5. Re1 a6 6. Bf1 d5 7. exd5 Nxd5 8.
d4 cxd4 9. Nxd4 Bc5 10. Nxc6 Qf6 11. Qe2 bxc6 12. Nd2 Nf4 13. Qf3 Nd5 14. Qxf6
Nxf6 15. Be2 Bb7 16. Nb3 Be7 17. Be3 Nd5 18. Bc5 a5 19. Bxe7 Kxe7 20. Nc5 Rab8
21. c4 Nf6 22. Bf3 Ba8 23. b3 Rhd8 24. Rad1 Nd7 25. Na4 c5 26. Bxa8 Rxa8 27.
Kf1 Rac8 28. Rd5 Rc6 29. Re3 g6 30. Ke2 h5 31. h3 Rdc8 32. Rd2 Rd6 33. Nc3
Rxd2+ 34. Kxd2 Nb6 35. Kc2 Rd8 36. Ne4 Rc8 37. Rd3 a4 38. bxa4 Nxa4 39. Ra3 Nb6
40. Ra7+ Nd7 41. a4 f5 42. Nc3 g5 43. a5 h4 44. Nb5 g4 45. a6 e5 46. Rb7 Ra8
47. Nc7 1-0

[Event "RSFSR-ch"]
[Site "Briansk"]
[Date "1984.06.??"]
[Round "?"]
[White "Lutikov, Anatoly S"]
[Black "Kaidanov, Gregory S"]
[Result "1-0"]
[WhiteElo "2410"]
[BlackElo "2390"]
[PlyCount "82"]
[EventDate "1984.06.??"]
[EventType "tourn"]
[EventRounds "17"]
[EventCountry "RUS"]
[SourceTitle "EXT 2006"]
[Source "ChessBase"]
[SourceDate "2005.11.24"]
[SourceVersion "1"]
[SourceVersionDate "2005.11.24"]
[SourceQuality "1"]

1. e4 e5 2. Nf3 Nc6 3. Bb5 a6 4. Ba4 Nf6 5. O-O Nxe4 6. d4 b5 7. Bb3 d5 8. dxe5
Be6 9. Nbd2 Nc5 10. c3 Be7 11. Bc2 Bg4 12. h3 Bh5 13. b4 Ne6 14. Re1 O-O 15. a4
d4 16. Be4 dxc3 17. Bxc6 Nd4 18. Be4 cxd2 19. Bxd2 Nxf3+ 20. gxf3 Rb8 21. axb5
axb5 22. Qc2 Kh8 23. Ra7 f6 24. Rd1 fxe5 25. Bg5 Qxd1+ 26. Qxd1 Bxg5 27. Rxc7
Rbd8 28. Qe2 Be8 29. Qc2 Bd2 30. Qc5 Rg8 31. Qe7 Rd4 32. Qxe5 Rxb4 33. Qd6 Rb2
34. Bd5 Bb4 35. Qe5 Rb1+ 36. Kg2 Re1 37. Qf4 Bf8 38. Rc8 Re7 39. Qb8 Bf7 40.
Ba8 b4 41. Rxf8 Be8 {..} 1-0

[Event "Smolensk"]
[Site "Smolensk"]
[Date "1986.??.??"]
[Round "?"]
[White "Lutikov, Anatoly S"]
[Black "Gleizerov, Evgeny"]
[Result "1-0"]
[WhiteElo "2365"]
[BlackElo "2445"]
[PlyCount "49"]
[EventDate "1986.??.??"]
[EventType "tourn"]
[EventRounds "17"]
[EventCountry "URS"]
[SourceTitle "EXT 1999"]
[Source "ChessBase"]
[SourceDate "1998.11.16"]
[SourceVersion "1"]
[SourceVersionDate "1998.11.16"]
[SourceQuality "1"]

1. d4 Nf6 2. c4 g6 3. Nc3 Bg7 4. e4 d6 5. f4 O-O 6. Nf3 Bg4 7. Be3 Nfd7 8. Be2
Nc6 9. d5 Bxf3 10. gxf3 Ncb8 11. h4 Nf6 12. Qd2 Nh5 13. O-O-O Nd7 14. f5 Ndf6
15. Rdg1 c6 16. f4 Qc7 17. fxg6 fxg6 18. f5 gxf5 19. exf5 Qd7 20. Qd1 cxd5 21.
Bxh5 Nxh5 22. Qxh5 Rxf5 23. Qh6 e6 24. cxd5 Re8 25. dxe6 1-0

[Event "RSFSR-ch"]
[Site "Sverdlovsk"]
[Date "1985.??.??"]
[Round "?"]
[White "Dvoirys, Semen I"]
[Black "Lutikov, Anatoly S"]
[Result "0-1"]
[WhiteElo "2450"]
[BlackElo "2400"]
[PlyCount "100"]
[EventDate "1986.06.??"]
[EventType "tourn"]
[EventRounds "17"]
[EventCountry "URS"]
[EventCategory "5"]
[SourceTitle "EXT 2015"]
[Source "ChessBase"]
[SourceDate "2014.11.20"]
[SourceVersion "1"]
[SourceVersionDate "2014.11.20"]
[SourceQuality "1"]

1. e4 e5 2. Nf3 Nc6 3. Bb5 a6 4. Ba4 Nf6 5. O-O Nxe4 6. d4 b5 7. Bb3 d5 8. dxe5
Ne7 9. Ng5 Nxg5 10. Bxg5 c6 11. a4 Be6 12. Nc3 h6 13. Be3 b4 14. Ne2 Qc7 15. a5
Nf5 16. Bb6 Qxe5 17. Ba4 Rc8 18. Re1 Qd6 19. Nd4 Nxd4 20. Qxd4 Kd7 21. c4 bxc3
22. Qxc3 Qb4 23. Qd3 Qc4 24. Qd1 Bd6 25. b3 Qb4 26. Rc1 Bf4 27. Rc2 h5 28. g3
Bd6 29. Qc1 Ke7 30. Bxc6 h4 31. Qg5+ Kf8 32. Rcc1 hxg3 33. hxg3 Be7 34. Qe5 Bd6
35. Qg5 Be7 36. Qe5 Bd6 37. Qe2 Kg8 38. Qxa6 Qg4 39. Qe2 Qh3 40. Qf3 Qh2+ 41.
Kf1 Ba3 42. Rc2 Rh6 43. Ke2 Qh3 44. Qf4 Bf5 45. Rh1 Qxh1 46. Qxf5 Rcxc6 47. a6
Rhe6+ 48. Be3 d4 49. a7 Rxc2+ 50. Qxc2 Qb7 0-1